ბათუმის შოთა რუსთაველის სახელმწიფო უნივერსიტეტის ბიბლიოთეკა

თბილისის მეტროპოლიტენის მუშაკთა შრომის პირობები და ჯანმრთელობის მდგომარეობა = Working Condicions and Health Status of Workers in Tbilisi Metropolitan : დისერტაცია / (ბიბ.ჩანაწერი № 51885)

000 -ლიდერი
ფიქსირებული სიგრძის საკონტროლო ველი 02116nam a2200289Ia 4500
001 - საკონტროლო ნომერი
საკონტროლო ველი 18884
003 - საკონტროლო ნომრის იდენტიფიკატორი
საკონტროლო ველი GE_BSU
005 - ბოლო ოპერაციის თარიღი და დრო
საკონტროლო ველი 20220919162950.0
008 - ფიქსირებული სიგრძის მონაცემთა ელემენტები - ზოგადი ინფორმაცია
ფიქსირებული სიგრძის საკონტროლო ველი 181216s2013||||ge |||||||||||||| ||geo||
040 ## - კატალოგიზაციის წყარო
Transcribing agency GE_BSU
041 ## - ენის კოდი
Language code of text/sound track or separate title geo
080 ## - უნივერსალური ათობითი კლასიფიკაციის ინდექსი
Universal Decimal Classification number 61 ხ-93
100 ## - მთავარი ჩანაწერი - პიროვნების სახელი
Personal name ხუნაშვილი, ნატო
9 (RLIN) 11512
245 ## - ცნობა სათაურის შესახებ
Title თბილისის მეტროპოლიტენის მუშაკთა შრომის პირობები და ჯანმრთელობის მდგომარეობა = Working Condicions and Health Status of Workers in Tbilisi Metropolitan : დისერტაცია /
Statement of responsibility, etc ნატო ხუნაშვილი; ნატო ხუნაშვილი; სამეცნიერო ხელმძღვანელები: რევაზ კვერენჩხილაძე; მარინა ციმაკურიძე; თბილისის სახელმწიფო სამედიცინო უნივერსიტეტი.
264 ## - წარმოების, გამოცემის, დისტრიბუციის და სხვა ცნობები
გამოცემის, წარმოების, დისტრიბუციის... ადგილი თბილისი,
გამოცემის, წარმოების, დისტრიბუციის... თარიღი 2013.
300 ## - ფიზიკური აღწერა
Extent 231 გვ.;
Other physical details 30 სმ.
653 ## - INDEX TERM--UNCONTROLLED
Uncontrolled term დისერტაცია
653 ## - INDEX TERM--UNCONTROLLED
Uncontrolled term თბილისის მეტროპოლიტენის მუშაკთა შრომის პირობები და ჯანმრთელობის მდგომარეობა
653 ## - INDEX TERM--UNCONTROLLED
Uncontrolled term მედიცინა
653 ## - INDEX TERM--UNCONTROLLED
Uncontrolled term ჯანმრთელობის დაცვა
653 ## - INDEX TERM--UNCONTROLLED
Uncontrolled term თბილისის მეტროპოლიტენი
653 ## - INDEX TERM--UNCONTROLLED
Uncontrolled term შრომის პირობები
700 ## - ADDED ENTRY--PERSONAL NAME
Personal name კვერენჩხილაძე, რევაზ
Relator term სამეცნიერო ხელმძღვანელი
9 (RLIN) 11513
700 ## - ADDED ENTRY--PERSONAL NAME
Personal name ციმაკურიძე, მარინა
Relator term სამეცნიერო ხელმძღვანელი
9 (RLIN) 11514
710 ## - ADDED ENTRY--CORPORATE NAME
Corporate name or jurisdiction name as entry element თბილისის სახელმწიფო სამედიცინო უნივერსიტეტი
9 (RLIN) 11515
942 ## - ADDED ENTRY ELEMENTS (KOHA)
Koha item type წიგნი
Source of classification or shelving scheme
ეგზემპლარები
ჩამოწერის სტატუსი დაკარგული ეგზემპლარის სტატუსი კლასიფიკაციის წყარო ან თაროზე გაწყობის სქემა დაზიანების სტატუსი არ გაიცემა მუდმივი მდებარეობა (დაცვის ადგილი) ამჟამინდელი ადგილსამყოფელი შეძენის თარიღი სრული შენახვის შიფრი შტრიხკოდი ბოლო ოპერაციის თარიღი ეგზემპლარის მიმდევრობითი ნომერი (კეტერი?) ფასის ძალაში შესვლის თარიღი ეგზემპლარის სახეობა
        შიდა ფონდი ბათუმის შოთა რუსთაველის სახელმწიფო უნივერსიტეტის მთავარი ბიბლიოთეკა ბათუმის შოთა რუსთაველის სახელმწიფო უნივერსიტეტის მთავარი ბიბლიოთეკა 2018-12-17 61 ხ-93 169 დისერტ. 2018-12-17 169 2018-12-17 დისერტაცია